Pokemon-Heilungsttacken - Statistiken

Allgemein
  • Dieses Quiz wurde 8 mal gespielt
  • Das Durchschnittsergebnis liegt bei 4 aus 26
Antwortstatistiken
Typ Attacke % Korrekt
Normal Genesung
75%
Psycho Erholung
50%
Flug Ruheort
38%
Pflanze Synthese
38%
Wasser Wasserring
38%
Psycho Heilwoge
25%
Normal Weichei
25%
Normal Wunschtraum
25%
Käfer Heilbefehl
13%
Normal Heilung
13%
Wasser Lebenstropfen
13%
Pflanze Verwurzler
13%
Normal Vitalglocke
13%
Pflanze Aromakur
0%
Pflanze Dschungelheilung
0%
Fee Florakur
0%
Psycho Heilopfer
0%
Psycho Lunargebet
0%
Psycho Lunargebet
0%
Normal Milchgetränk
0%
Fee Mondschein
0%
Normal Morgengrauen
0%
Boden Sandsammler
0%
Normal Tagedieb
0%
Normal Verzehrer
0%
Normal Vitalsegen
0%
Keine übereinstimmenden Quizze gefunden
Verteilung der Resultate
Anzahl Personen mit jedem Resultat
Perzentil nach korrekt beantworteten Fragen
Ihre Resultats-Entwicklung
Sie haben dieses Quiz noch nicht gespielt